El Museu més gran de Catalunya : agenda d'activitats / Comissió de Cooperació de Museus Locals ; coordinació: Oficina de Patrimoni Cultural, Diputació de Barcelona agenda d'activitats /
Publicado:
Barcelona :
la Comissió : Diputació de Barcelona. Servei de Cultura : Diputació de Barcelona. Oficina de Patrimoni Cultural ,
1994
Descripción Física:
54 v. ; periodicitat: quadrimestal ; de l'any 1994 al 1999: 50 cm (plegat 10 x 21cm) ; de l'any 1999 al 2003: 10 x 21 cm ; a partir de l'any 2004: 15 x 21 cm
MARC
| LEADER | 00000nas a2200000 a 4500 | ||
|---|---|---|---|
| 001 | 28136, 28137, 28138, 28139, 28140, 28141, 28142 | ||
| 003 | AGDB | ||
| 005 | 20260324181511.0 | ||
| 008 | 160829s1994 - xx 000 0 cat d | ||
| 008 | 160829s9999 xx 000 0 cat d | ||
| 040 | |a agdb |b cat | ||
| 245 | |a El Museu més gran de Catalunya : |b agenda d'activitats / |b Comissió de Cooperació de Museus Locals ; coordinació: Oficina de Patrimoni Cultural, Diputació de Barcelona | ||
| 260 | |a Barcelona : |b la Comissió : |b Diputació de Barcelona. Servei de Cultura : |b Diputació de Barcelona. Oficina de Patrimoni Cultural ; |c 1994- | ||
| 300 | |a 54 v. ; |b periodicitat: quadrimestal ; |c de l'any 1994 al 1999: 50 cm (plegat 10 x 21cm) ; de l'any 1999 al 2003: 10 x 21 cm ; a partir de l'any 2004: 15 x 21 cm | ||
| 362 | |a Núm. 1 maig-setembre 1994- | ||
| 500 | |a Inclou el Directori de Museus Locals dels anys 2005, 2007, 2008, 2009 i 2011/2012. | ||
| 500 | |a A partir del núm. 46 (juliol/setembre 2008) a la coberta: 'Agenda d'activitats / Xarxa de Museus Locals de la Diputació de Barcelona' i a la contracoberta: 'El museu més gran de Catalunya'. | ||
| 508 | |a L'editor varia: Xarxa de Museus Locals de la Diputació de Barcelona. | ||
| 650 | |a Museus |x Catalunya |x Guies |9 49099 | ||
| 650 | |a Museus |x Catalunya |x Revistes |9 46489 | ||
| 650 | |a Xarxa de Museus Locals |x Activitats culturals |x Revistes |9 49100 | ||
| 655 | 0 | |9 55823 |a Revistes | |
| 710 | 1 | |a Barcelona (Catalunya : Província). |b Comissió de Cooperació de Museus Locals |9 55728 | |
| 710 | 1 | |a Barcelona (Catalunya : Província). |b Xarxa de Museus Locals |9 52963 | |
| 866 | |a 1994 (1) | ||
| 866 | |a 1995 (3-5) | ||
| 866 | |a 1996 (5-8) | ||
| 866 | |a 1997 (8-9) | ||
| 866 | |a 1998 (12-14) | ||
| 866 | |a 1999 (14-16) | ||
| 866 | |a 2000 (18-20) | ||
| 866 | |a 2001 (20-22) | ||
| 866 | |a 2002 (24-26) | ||
| 866 | |a 2003 (26-28) | ||
| 866 | |a 2004 (31-32) | ||
| 866 | |a 2005 (32-34) + directori 2005 | ||
| 866 | |a 2006 (35-39) | ||
| 866 | |a 2007 (40-43) + directori 2007 | ||
| 866 | |a 2008 (44-47) + directori 2008 | ||
| 866 | |a 2009 (48-51) + directori 2009 | ||
| 866 | |a 2010 (52-55) | ||
| 866 | |a 2011 (56-59) + directori 2011/2012 | ||
| 866 | |a 2012 (60-63) | ||
| 866 | |a 2013 (64) | ||
| 901 | |a Arxiu | ||
| 942 | |n 1 |2 udc |c REV | ||
| 952 | |0 0 |1 0 |4 0 |6 REV2249 |7 1 |9 55093 |a Arxiu |b Arxiu |d 2016-12-01 |h Núm. 1 (maig/setembre 1994) ; Núm. 3 (febrer/maig 1995) - Núm. 9 (febrer/maig 1997) ; Núm. 12 (febrer/maig 1998) - Núm. 14 (octubre 1998/ gener 1999) |o Rev-2249 |p 28136 |r 2016-12-01 00:00:00 |w 2016-12-01 |y ARXIU | ||
| 952 | |0 0 |1 0 |4 0 |6 REV2250 |7 1 |9 96069 |a Arxiu |b Arxiu |d 2023-08-02 |h Núm. 15 (febrer/maig 1999) - Núm. 16 (juny/setembre 1999) ; Núm. 18 (febrer/maig 2000) - Núm. 22 (juny/setembre 2001) ; Núm. 24 (febrer/maig 2002) - Núm. 28 (juliol/setembre 2003) |l 0 |o Rev-2250 |p 28137 |r 2023-08-02 00:00:00 |w 2023-08-02 |y ARXIU | ||
| 952 | |0 0 |1 0 |4 0 |6 REV2251 |7 1 |9 96071 |a Arxiu |b Arxiu |d 2023-08-02 |h Núm. 31 (juny/setembre 2004) - Núm. 40 (gener/març 2007) |l 0 |o Rev-2251 |p 28138 |r 2023-08-02 00:00:00 |w 2023-08-02 |y ARXIU |z Inclou el Directori de l'any 2005 | ||
| 952 | |0 0 |1 0 |4 0 |6 REV2252 |7 1 |9 96072 |a Arxiu |b Arxiu |d 2023-08-02 |h Núm. 41 (abril/juny 2007) - Núm. 45 (abril/juny 2008) |o Rev-2252 |p 28139 |r 2023-08-02 00:00:00 |w 2023-08-02 |y ARXIU |z Inclou els Directoris de l'any 2007 i 2008 | ||
| 952 | |0 0 |1 0 |4 0 |6 REV2253 |7 1 |9 96073 |a Arxiu |b Arxiu |d 2023-08-02 |h Núm. 46 (juliol/setembre 2008) - Núm. 51 (octubre/desembre 2009) |l 0 |o Rev-2253 |p 28140 |r 2023-08-02 00:00:00 |w 2023-08-02 |y ARXIU |z Inclou el Directori de l'any 2009 | ||
| 952 | |0 0 |1 0 |4 0 |6 REV2254 |7 1 |9 96074 |a Arxiu |b Arxiu |d 2023-08-02 |h Núm. 52 (gener/març 2010) - Núm. 59 (octubre/desembre 2011) |l 0 |o Rev-2254 |p 28141 |r 2023-08-02 00:00:00 |w 2023-08-02 |y ARXIU |z Inclou el Directori dels anys 2011/2012 | ||
| 952 | |0 0 |1 0 |4 0 |6 REV2255 |7 1 |9 96075 |a Arxiu |b Arxiu |d 2023-08-02 |h Núm. 60 (gener/març 2012) - Núm. 64 (gener/març 2013) |l 0 |o Rev-2255 |p 28142 |r 2023-08-02 00:00:00 |w 2023-08-02 |y ARXIU | ||
| 999 | |c 58965 |d 58965 | ||